000 00745nmm a2200265 a 4500
003 AR-BaBNM
005 20251128203307.0
008 077019s1986 ||||||||||||||000 | spa||
020 _a950-9691-01-1
040 _cAR-BaBNM
100 1 _aCúneo Libarona, María Cecilia
245 1 0 _aBuen día, "Bom día"
260 _aBuenos Aires
_bCorreo
_c1986
300 0 _a91 p.
_bil.
500 0 _aContiene referencias a la presente obra en contratapa a cargo de Saramaría Duhart
650 4 _aLIBROS PARA NINOS
650 4 _aLITERATURA INFANTIL
650 4 _aMUSICA
653 0 _aPOESIA INFANTIL
653 0 _aLITERATURA FANTASTICA
655 _aLITERATURA
700 1 _aDavel, Federico M.
_eilustrador
942 _cBK
998 _cMARTIN
999 _c2754
_d2754